书目信息 |
| 题名: |
住房公积金信息系统技术规范
|
|
| 作者: | 中华人民共和国住房和城乡建设部 | |
| 分册: | ||
| 出版信息: | 北京 中国建筑工业出版社 2016.06 |
|
| 页数: | 79页 | |
| 开本: | 32开 | |
| 丛书名: | ||
| 单 册: | ||
| 中图分类: | F293.31 , F293.316.5-65 | |
| 科图分类: | ||
| 主题词: | 城市经济 , 市政经济 | |
| 电子资源: | ||
| ISBN: | ||
| 000 | 00761nam0 2200205 45 | |
| 001 | 1940138350 | |
| 005 | 20190321171813.99 | |
| 010 | @d2.00元14 | |
| 100 | @a20000807d2016 km y0chiy0120 ea | |
| 101 | 0 | @achi |
| 200 | 1 | @a住房公积金信息系统技术规范@Azhu fang gong ji jin xin xi xi tong ji shu gui fan@f中华人民共和国住房和城乡建设部@Fzhong hua ren min gong he guo zhu fang he cheng xiang jian she bu |
| 210 | @a北京@c中国建筑工业出版社@d2016.06 | |
| 215 | @a79页@d32开 | |
| 606 | 0 | @a城市经济 |
| 606 | 0 | @a市政经济 |
| 690 | @aF293.31@v3 | |
| 690 | @aF293.316.5-65@v4 | |
| 701 | 0 | @a中华人民共和国住房和城乡建设部@Azhong hua ren min gong he guo zhu fang he cheng xiang jian she bu |
| 801 | @aCN@bPftUser@c20000807 | |
| 905 | @dF293.316.5-65@eZ911@b332112-116@f5 | |
| 住房公积金信息系统技术规范/中华人民共和国住房和城乡建设部.-北京:中国建筑工业出版社,2016.06 |
| 79页;32开 |
| ISBN :2.00元14 |
| ● |
| 相关链接 |
|
|
|
正题名:住房公积金信息系统技术规范
索取号:F293.316.5-65/Z911
 
预约/预借
| 序号 | 登录号 | 条形码 | 馆藏地/架位号 | 状态 | 备注 |
| 1 | 1244700 | 212447002 | 社科库409/ [索取号:F293.316.5-65/Z911] | 在馆 |